| 000 | 00408nam a22001097a 4500 | ||
|---|---|---|---|
| 008 | 160418b xxu||||| |||| 00| 0 eng d | ||
| 100 | _aEvans, Donald | ||
| 245 | _aThe world of Donald Evans | ||
| 260 |
_aNew York _bHarlin Quist _c1980 |
||
| 650 | _aEvans, Donald, 1945-1977 | United States | Artists and Designers | Designs | Bogus Issues | Cinderella Material | Postage Stamps in Art | ||
| 700 | _aEisenhart, Willy | ||
| 999 |
_c1927 _d1927 |
||